Eastern Utah Libraries Catalog: Duchesne, Heber, Roosevelt, & Vernal

The killing of a sacred deer / (Record no. 229792)

MARC details
000 -LEADER
fixed length control field 03566cgm a2200745Ii 4500
001 - CONTROL NUMBER
control field on1015216050
003 - CONTROL NUMBER IDENTIFIER
control field OCoLC
005 - DATE AND TIME OF LATEST TRANSACTION
control field 20180124084444.0
007 - PHYSICAL DESCRIPTION FIXED FIELD--GENERAL INFORMATION
fixed length control field vd cvaizq
008 - FIXED-LENGTH DATA ELEMENTS--GENERAL INFORMATION
fixed length control field 171211s2018 cau121 e vleng d
040 ## - CATALOGING SOURCE
Original cataloging agency TEFMT
Language of cataloging eng
Description conventions rda
Transcribing agency TEFMT
Modifying agency TEF
-- OCLCF
-- MR0
-- INO
-- UINTA
024 1# - OTHER STANDARD IDENTIFIER
Standard number or code 031398277897
028 42 - PUBLISHER NUMBER
Publisher number 53794
Source Lionsgate
035 ## - SYSTEM CONTROL NUMBER
System control number (OCoLC)1015216050
041 1# - LANGUAGE CODE
Language code of text/sound track or separate title eng
-- spa
-- eng
Language code of original and/or intermediate translations of text eng
050 #4 - LIBRARY OF CONGRESS CALL NUMBER
Classification number PN1997.2
Item number .K555 2018
082 04 - DEWEY DECIMAL CLASSIFICATION NUMBER
Classification number 791.43/72
Edition number 23
049 ## - LOCAL HOLDINGS (OCLC)
Holding library UCLB
245 04 - TITLE STATEMENT
Title The killing of a sacred deer /
Statement of responsibility, etc Film4 and New Sparta Films present ; in association with HanWway Films ; with the participation of Bord Scann�an na h�Eireann/The Irish Film Board ; an Element Pictures production ; in association with Limp ; directed by Yorgos Lanthimos ; written by Yorgos Lanthimos and Efthimis Filippou ; produced by Ed Guiney, Yorgos Lanthimos.
257 ## - COUNTRY OF PRODUCING ENTITY FOR ARCHIVAL FILMS
Country of producing entity Great Britain
-- Ireland
-- United States
-- naf
264 #1 - Production, Publication, Distribution, Manufacture, and Copyright Notice.
Place of production, publication, distribution, manufacture Santa Monica, California :
Name of producer, publisher, distributor, manufacturer Lions Gate Entertainment,
Date of production, publication, distribution, manufacture, or copyr [2018]
300 ## - PHYSICAL DESCRIPTION
Extent 1 videodisc (121 min.) :
Other physical details sound, color ;
Dimensions 4 3/4 in.
336 ## - Content Type
Content type term two-dimensional moving image
337 ## - Media type
Media type term video
338 ## - Carrier type
Carrier type term videodisc
340 ## - PHYSICAL MEDIUM
Material base and configuration DVD video
Dimensions 4 3/4 in.
-- rda
344 ## -
-- digital
-- optical
-- 5.1 surround
-- Dolby digital
-- rda
347 ## -
-- video file
-- DVD video
-- region 1
-- rda
380 ## -
-- Motion picture.
538 ## - SYSTEM DETAILS NOTE
System details note DVD ; region 1 ; widescreen (1.85:1) presentation ; Dolby digital 5.1 surround.
546 ## - LANGUAGE NOTE
Language note In English, with optional subtitles in Spanish; English subtitles for the deaf and hard of hearing (SDH).
511 1# - PARTICIPANT OR PERFORMER NOTE
Participant or performer note Colin Farrell, Nicole Kidman, Barry Keoghan, Raffey Cassidy, Sunny Suljic, Alicia Silverstone, Bill Camp.
508 ## - CREATION/PRODUCTION CREDITS NOTE
Creation/production credits note Director of photography, Thimios Bakatakis ; editor, Yorgos Mavropsaridis.
500 ## - GENERAL NOTE
General note DVD release of the 2017 motion picture.
500 ## - GENERAL NOTE
General note Wide screen.
521 8# - TARGET AUDIENCE NOTE
Target audience note MPAA rating: R; disturbing violent and sexual content, some graphic nudity and language.
520 ## - SUMMARY, ETC.
Summary, etc Steven, a charismatic surgeon, is forced to make an unthinkable sacrifice after his life starts to fall apart, when the behavior of a teenage boy he has taken under his wing turns sinister.
500 ## - GENERAL NOTE
General note Special feature: An impossible conundrum.
650 #0 - SUBJECT ADDED ENTRY--TOPICAL TERM
Topical term or geographic name as entry element Surgeons
Form subdivision Drama.
650 #0 - SUBJECT ADDED ENTRY--TOPICAL TERM
Topical term or geographic name as entry element Teenage boys
Form subdivision Drama.
650 #0 - SUBJECT ADDED ENTRY--TOPICAL TERM
Topical term or geographic name as entry element Dysfunctional families
Form subdivision Drama.
655 #7 - INDEX TERM--GENRE/FORM
Genre/form data or focus term Detective and mystery films.
Source of term lcgft
655 #7 - INDEX TERM--GENRE/FORM
Genre/form data or focus term Horror films.
Source of term lcgft
655 #7 - INDEX TERM--GENRE/FORM
Genre/form data or focus term Thrillers (Motion pictures)
Source of term lcgft
655 #7 - INDEX TERM--GENRE/FORM
Genre/form data or focus term Feature films.
Source of term lcgft
655 #7 - INDEX TERM--GENRE/FORM
Genre/form data or focus term Fiction films.
Source of term lcgft
655 #7 - INDEX TERM--GENRE/FORM
Genre/form data or focus term Video recordings for the hearing impaired.
Source of term lcgft
700 1# - ADDED ENTRY--PERSONAL NAME
Personal name Guiney, Ed,
Relator term film producer.
700 1# - ADDED ENTRY--PERSONAL NAME
Personal name Filippou, Efthimis,
Dates associated with a name 1977-
Relator term screenwriter.
700 1# - ADDED ENTRY--PERSONAL NAME
Personal name Lanthimos, Yorgos,
Dates associated with a name 1973-
Relator term film producer,
-- screenwriter,
-- film director.
700 1# - ADDED ENTRY--PERSONAL NAME
Personal name Farrell, Colin,
Dates associated with a name 1976-
Relator term actor.
700 1# - ADDED ENTRY--PERSONAL NAME
Personal name Kidman, Nicole,
Dates associated with a name 1967-
Relator term actor.
700 1# - ADDED ENTRY--PERSONAL NAME
Personal name Keoghan, Barry,
Dates associated with a name 1992-
Relator term actor.
700 1# - ADDED ENTRY--PERSONAL NAME
Personal name Cassidy, Raffey,
Relator term actor.
700 1# - ADDED ENTRY--PERSONAL NAME
Personal name Suljic, Sunny,
Relator term actor.
700 1# - ADDED ENTRY--PERSONAL NAME
Personal name Silverstone, Alicia,
Relator term actor.
700 1# - ADDED ENTRY--PERSONAL NAME
Personal name Camp, Bill,
Relator term actor.
710 2# - ADDED ENTRY--CORPORATE NAME
Corporate name or jurisdiction name as entry element FilmFour (Firm),
Relator term presenter.
710 2# - ADDED ENTRY--CORPORATE NAME
Corporate name or jurisdiction name as entry element New Sparta Films,
Relator term presenter.
710 2# - ADDED ENTRY--CORPORATE NAME
Corporate name or jurisdiction name as entry element HanWay (Firm),
Relator term presenter.
710 2# - ADDED ENTRY--CORPORATE NAME
Corporate name or jurisdiction name as entry element Bord Scann�an na h�Eireann,
Relator term presenter.
710 2# - ADDED ENTRY--CORPORATE NAME
Corporate name or jurisdiction name as entry element Element Pictures Distribution (Firm),
Relator term production company.
710 2# - ADDED ENTRY--CORPORATE NAME
Corporate name or jurisdiction name as entry element Limp (Firm),
Relator term production company.
710 2# - ADDED ENTRY--CORPORATE NAME
Corporate name or jurisdiction name as entry element Lions Gate Entertainment (Firm),
Relator term publisher.
994 ## -
-- C0
-- UINTA
Holdings
Withdrawn status Lost status Source of classification or shelving scheme Damaged status Not for loan Collection code Home library Current library Shelving location Date acquired Source of acquisition Cost, normal purchase price Total Checkouts Total Renewals Full call number Barcode Date last seen Date checked out Cost, replacement price Price effective from Koha item type
    Dewey Decimal Classification     Movies Wasatch County Library Wasatch County Library Audio Visual Area 03/03/2018   19.98 16 6 DVD Kil 34301001544131 02/28/2026 02/24/2026 19.98 03/20/2020 DVD
This project was made possible through a grant from the Institute of Museum and Library Service administered by the Utah State Library Division.

Wasatch County Library

  • 465 East 1200 South, Heber City, Utah 84032
  • Phone 435-654-1511 | Fax 435-654-6456

Hours

  • Monday - Friday 9:30 AM - 8:00 PM
  • Saturday 9:30 AM - 1:30 PM
  • Closed Sundays and Holidays